Junie B., first grader (at last!) / (Record no. 4258)

MARC details
000 -LEADER
fixed length control field 01310cam a2200397 a 4500
001 - CONTROL NUMBER
control field 4258
003 - CONTROL NUMBER IDENTIFIER
control field FISKH
005 - DATE AND TIME OF LATEST TRANSACTION
control field 20240710151030.0
008 - FIXED-LENGTH DATA ELEMENTS--GENERAL INFORMATION
fixed length control field 010125s2001 nyua b 000 1 eng
010 ## - LIBRARY OF CONGRESS CONTROL NUMBER
LC control number 2001019076
020 ## - INTERNATIONAL STANDARD BOOK NUMBER
International Standard Book Number 0375802932
020 ## - INTERNATIONAL STANDARD BOOK NUMBER
International Standard Book Number 9780439450737
020 ## - INTERNATIONAL STANDARD BOOK NUMBER
International Standard Book Number 0375902937 (glb)
020 ## - INTERNATIONAL STANDARD BOOK NUMBER
International Standard Book Number 0375815163 (pbk.)
040 ## - CATALOGING SOURCE
Original cataloging agency DLC
Transcribing agency DLC
Modifying agency DLC
Language of cataloging eng
050 ## - LIBRARY OF CONGRESS CALL NUMBER
Classification number PZ7.P2197
082 ## - DEWEY DECIMAL CLASSIFICATION NUMBER
Classification number 813.54
100 1# - MAIN ENTRY--PERSONAL NAME
Personal name Park, Barbara.
245 10 - TITLE STATEMENT
Title Junie B., first grader (at last!) /
Statement of responsibility, etc. Barbara Park ; illustrated by Denise Brunkus.
250 ## - EDITION STATEMENT
Edition statement First Scholastic printing, September 2002
260 ## - PUBLICATION, DISTRIBUTION, ETC.
Place of publication, distribution, etc. New York :
Name of publisher, distributor, etc. Scholastic,
Date of publication, distribution, etc. 2001.
300 ## - PHYSICAL DESCRIPTION
Extent 76 pages :
Other physical details illustrations ;
Dimensions 20 cm
490 1# - SERIES STATEMENT
Series statement The Junie B. Jones series ;
Volume/sequential designation Book 18
500 ## - GENERAL NOTE
General note "A Stepping stone book."
505 ## - FORMATTED CONTENTS NOTE
Formatted contents note J<br/>
520 ## - SUMMARY, ETC.
Summary, etc. Junie B. thinks first grade is a flop when her kindergarten friend Lucille prefers the company of twins Camille and Chenille and Junie B. needs glasses.
521 8# - TARGET AUDIENCE NOTE
Target audience note 490<br/>
Source Lexile <br/>
521 8# - TARGET AUDIENCE NOTE
Target audience note J<br/>
Source Raz-Plus<br/>
650 #1 - SUBJECT ADDED ENTRY--TOPICAL TERM
Topical term or geographic name entry element Schools
Form subdivision Fiction.
650 #1 - SUBJECT ADDED ENTRY--TOPICAL TERM
Topical term or geographic name entry element Eyeglasses
Form subdivision Fiction.
650 #1 - SUBJECT ADDED ENTRY--TOPICAL TERM
Topical term or geographic name entry element Friendship
Form subdivision Fiction.
700 1# - ADDED ENTRY--PERSONAL NAME
Personal name Brunkus, Denise,
Relator term illustrator
906 ## - LOCAL DATA ELEMENT F, LDF (RLIN)
a 7
b cbc
c orignew
d 1
e ocip
f 20
g y-gencatlg
942 ## - ADDED ENTRY ELEMENTS (KOHA)
Source of classification or shelving scheme Dewey Decimal Classification
Koha item type Books
Suppress in OPAC No
Holdings
Withdrawn status Lost status Source of classification or shelving scheme Damaged status Not for loan Collection Home library Current library Shelving location Date acquired Total Checkouts Full call number Barcode Date last seen Price effective from Koha item type Copy number Date last checked out
    Dewey Decimal Classification     Juvenile Fiction Footprints International School Library Network Toul Kork Campus Footprints International School Library Network Toul Kork Campus TK Primary Library Room(4th Floor), Bookcase 1&2, Shelves 1-16, Dark Blue Books 07/10/2024   PAR 813.54 PZ7.P2197 FISTKG4B065 07/10/2024 07/10/2024 Books    
    Dewey Decimal Classification     Juvenile Fiction Footprints International School Library Network Toul Kork Campus Footprints International School Library Network Toul Kork Campus TTP Primary Dark Blue Bookshelves 02/05/2025   PAR 813.54 PZ7.P2197 2025-0401 02/05/2025 02/05/2025 Books 2  
    Dewey Decimal Classification     Juvenile Fiction Footprints International School Library Network Toul Kork Campus Footprints International School Library Network Toul Kork Campus TTP Primary Dark Blue Bookshelves 02/05/2025   PAR 813.54 PZ7.P2197 2025-0402 02/05/2025 02/05/2025 Books 3  
    Dewey Decimal Classification     Juvenile Fiction Footprints International School Library Network Toul Kork Campus Footprints International School Library Network Toul Kork Campus TTP Primary Dark Blue Bookshelves 02/05/2025   PAR 813.54 PZ7.P2197 2025-0403 02/05/2025 02/05/2025 Books 4  
    Dewey Decimal Classification     Juvenile Fiction Footprints International School Library Network Toul Kork Campus Footprints International School Library Network Toul Kork Campus TTP Primary Dark Blue Bookshelves 02/05/2025 1 PAR 813.54 PZ7.P2197 2025-0404 05/07/2025 02/05/2025 Books 5 04/24/2025